00367nam a2200145Ia 4500008004000000020001500040041000800055082001700063100001800080245001900098260006900117300001200186650001100198650001200209210210b2002 xxu||||| |||| 00| 0 eng d a037570714X aeng a823.914 NAIM aNAIPAUL (V S) aMystic masseur aNew YorkbVintage Books, A Division of Random House, Inc.,c2002 avii,207 aMystic amasseur